000 00554cam a22001577a 4500
008 180718b1997 xxu||||| |||| 00| 0 eng d
082 _aAPPPA 96-97 NAY
100 _aNayar, Suman
245 _aActual impact of reduction in union excise duties on the prices of consumer goods
_cby Suman Nayar
260 _aNew Delhi
_bIndian Institute of Public Administration
_c1997
300 _a168p.
500 _aAn APPPA M.Phil. dissertation, 1996-97
650 _aAPPPA
650 _aConsumer goods - India
650 _aExcise tax - Law and legislation - India
999 _c482099
_d482099